Process systems analysis and control (Record no. 13575)

000 -LEADER
fixed length control field 00578nam a22002051 4500
001 - CONTROL NUMBER
control field 13575
003 - CONTROL NUMBER IDENTIFIER
control field BD-DhUET
008 - FIXED-LENGTH DATA ELEMENTS--GENERAL INFORMATION
fixed length control field 730306s1965 nyua b 000 0 eng
040 ## - CATALOGING SOURCE
Original cataloging agency DLC
Transcribing agency DLC
Modifying agency BD-DhUET
082 ## - DEWEY DECIMAL CLASSIFICATION NUMBER
Classification number 660.284
Item number COU/1965
100 1# - MAIN ENTRY--PERSONAL NAME
Personal name Coughanowr, Donald R.
245 10 - TITLE STATEMENT
Title Process systems analysis and control
250 ## - EDITION STATEMENT
Edition statement 1st ed.
260 ## - PUBLICATION, DISTRIBUTION, ETC. (IMPRINT)
Place of publication, distribution, etc. New York
Name of publisher, distributor, etc. McGraw-Hill
Date of publication, distribution, etc. 1965
300 ## - PHYSICAL DESCRIPTION
Extent xii, 491 p.
Other physical details ill.
Dimensions 21 cm.
490 ## - SERIES STATEMENT
Series statement McGraw-Hill chemical engineering series
650 #0 - SUBJECT ADDED ENTRY--TOPICAL TERM
Topical term or geographic name as entry element Control devices process engineering
700 ## - ADDED ENTRY--PERSONAL NAME
Personal name Koppel, Lowell B.
942 ## - ADDED ENTRY ELEMENTS (KOHA)
Koha item type General Book
Holdings
Sublocation or collection (holding branch) Shelving location Damaged status Koha item type Lost status Withdrawn status Price effective from Date acquired Koha normalized classification for sorting Piece designation (barcode) Koha full call number Koha date last borrowed Copy number Location (home branch) Not for loan Koha date last seen Koha issues (times borrowed) Source of classification or shelving scheme
Central Library, BUETCirculation section General Book  2015-03-032015-03-03660_284000000000000_COU_196529699660.284/COU/1965 1Central Library, BUET 2015-03-03  
Central Library, BUETCirculation section General Book  2015-03-032015-03-03660_284000000000000_COU_196529689660.284/COU/19652017-05-092Central Library, BUET 2017-05-091 
Central Library, BUETCirculation section General Book  2015-03-032015-03-03660_284000000000000_COU_196529697660.284/COU/1965 3Central Library, BUET 2015-03-03  
Central Library, BUETCirculation section General Book  2015-03-032015-03-03660_284000000000000_COU_196529692660.284/COU/1965 4Central Library, BUET 2015-03-03  
Central Library, BUETCirculation section General Book  2015-03-032015-03-03660_284000000000000_COU_196529698660.284/COU/1965 5Central Library, BUET 2015-03-03  
Central Library, BUETCirculation section General Book  2015-03-032015-03-03660_284000000000000_COU_196529690660.284/COU/1965 6Central Library, BUET 2015-03-03  
Central Library, BUETCataloging to Circulation General Book  2015-03-032015-03-03660_284000000000000_COU_196529688660.284/COU/1965 7Central Library, BUET 2015-03-03  
Central Library, BUETCirculation section General Book  2015-03-042015-03-04660_284000000000000_COU_196534519660.284/COU/1965 8Central Library, BUET 2015-03-04  
Central Library, BUETCirculation section General Book  2015-05-112015-05-11660_284000000000000_COU_196529694660.284/COU/1965 9Central Library, BUET 2015-05-11  
Central Library, BUETCirculation section General Book  2015-05-112015-05-11660_284000000000000_COU_196529696660.284/COU/1965 10Central Library, BUET 2015-05-11  
Central Library, BUETCirculation section General Book  2015-05-132015-05-13660_284000000000000_COU_196529695660.284/COU/1965 11Central Library, BUET 2015-05-13  
Central Library, BUETCirculation section General Book  2015-05-142015-05-14660_284000000000000_COU_196517869660.284/COU/1965 12Central Library, BUET 2015-05-14  
Central Library, BUETCirculation section General Book  2015-05-182015-05-18660_284000000000000_COU_196515822660.284/COU/1965 13Central Library, BUET 2015-05-18  
Central Library, BUETReading section General Book  2015-06-202015-06-20660_284000000000000_COU_196529700660.284/COU/1965 14Central Library, BUET 2015-06-20  
Central Library, BUETReading section General Book  2015-06-202015-06-20660_284000000000000_COU_196529701660.284/COU/1965 15Central Library, BUET 2015-06-20  
Central Library, BUETCirculation section General Book  2015-07-102015-07-10660_284000000000000_COU_196516716660.284/COU/1965 16Central Library, BUET 2015-07-10